La fédération et l'unite en Italié / (Record no. 162637)

MARC details
000 -LEADER
campo de control de longitud fija 00570nam a2200181 i 4500
001 - NÚMERO DE CONTROL
campo de control 162637
003 - IDENTIFICADOR DE NÚMERO DE CONTROL
campo de control ES-MaACL
005 - FECHA Y HORA DE LA ÚLTIMA TRANSACCIÓN
campo de control 20230906212554.0
008 - DATOS DE LONGITUD FIJA--INFORMACIÓN GENERAL
campo de control de longitud fija 990420s1862 fr |||| | fre d
040 ## - FUENTE DE CATALOGACIÓN
Centro catalogador/agencia de origen M-RACM
Lengua de catalogación spa
Centro/agencia transcriptor M-RACM
Centro/agencia modificador CCPB | B
100 0# - ENTRADA PRINCIPAL--NOMBRE DE PERSONA
Nombre de persona Proudhon, Pierre-Joseph.
9 (RLIN) 94052
245 13 - MENCIÓN DEL TÍTULO
Título La fédération et l'unite en Italié /
Mención de responsabilidad, etc. par P.-J. Proudhon.
260 ## - PUBLICACIÓN, DISTRIBUCIÓN, ETC.
Lugar de publicación, distribución, etc. Paris :
Nombre del editor, distribuidor, etc. E. Dentu, Libraire-Éditeur,
Fecha de publicación, distribución, etc. 1862.
300 ## - DESCRIPCIÓN FÍSICA
Extensión 143 p. ;
Dimensiones 18 cm.
597 ## - NOTA DE DESCRIPCIÓN FÍSICA
NOTA DE DESCRIPCIÓN FÍSICA Antep.
852 ## - LOCALIZACIÓN
Ubicación ES-MaACL
Número de control de estantería G-8547(1)
Nota libre -- Enc. hol.
852 ## - LOCALIZACIÓN
Ubicación ES-MaACL
Número de control de estantería D-2356
Nota libre -- Rúst.
Holdings
Estatus retirado Estado de pérdida Estado de daño No para préstamo Colección Biblioteca de origen Biblioteca actual Ubicación en estantería Fecha de adquisición Fuente de adquisición Total de préstamos Signatura topográfica completa Código de barras Visto por última vez Precio de reemplazo Tipo de ítem Koha
        Libros del s. XIX Biblioteca del Ateneo de Madrid Biblioteca del Ateneo de Madrid Sala Valle Inclán 17/01/2008     D-2356 901170386 23/02/2023 23/02/2023 Libro impreso antiguo
        Libros del s. XIX Biblioteca del Ateneo de Madrid Biblioteca del Ateneo de Madrid Sala Pecera Planta 3 17/01/2008     G-8547(1) 1170385 23/02/2023 23/02/2023 Libro impreso antiguo